00908 2200241 4500001002100000005001500021035002000036007000300056008004100059020002200100082001000122084001600132100001700148245003400165250001900199260003100218300004700249650002000296700001600316700001200332520030600344990001600650INLIS00000000000003220220514094119 a0010-0522000014ta220514 b 0 ind  a978-602-434-023-0 a372.2 a372.2 IRE k0 aIrene M.J.A.1 aKegiatanku 1c /cIrene M.J.A. aKurikulum 2013 aJakarta :bErlangga,c2016 a120 halaman :bilustrasi berwarna ;c26 cm 4aTematik Terpadu0 aDwi Tyas U.0 aWini K. aBelajar merupakan kegiatan yang menyenangkan. Pengetahuanmu akan bertambah, keterampilanmu akan berkembang, dan sikapmu akn terbentuk dengan belajar. Melalui sumber belajar TEMATIK TERPADU yang disusun berdasarkan Kurikulum 2013 Revisi, kamu diajak untuk mengikuti proses pembelajaran tematik terpadu. a00000000030